Suomen vesi-loppuiset kunnat - Statistics

Yleistilastot
  • Tätä visaa on pelattu 455 kertaa
  • Keskiarvotulos 6 / 8
Vastaustilastot
Maakunta Kunta % Oikein
Pohjois-Pohjanmaa Haapavesi
84%
Pirkanmaa Orivesi
82%
Pirkanmaa Ruovesi
79%
Pohjois-Savo Pielavesi
77%
Keski-Suomi Konnevesi
75%
Pohjois-Karjala Heinävesi
74%
Pohjois-Savo Kiuruvesi
71%
Keski-Suomi Petäjävesi
70%
Ehtoja vastaavia visoja ei löytynyt
Tulosjakauma
Jokaisen tuloksen saaneiden osuus
Persentiili vastausten määrän mukaan
Tuloshistoriasi
Et ole pelannut tätä visaa